La sociedad de consumo: sus mitos, sus estructuras
Uloženo v:
| Hlavní autor: | |
|---|---|
| Médium: | Kniha |
| Jazyk: | španělština |
| Vydáno: |
Madrid
Siglo XXI de España
2011
|
| Vydání: | 2a. ed |
| Témata: | |
| Tagy: |
Přidat tag
Žádné tagy, Buďte první, kdo vytvoří štítek k tomuto záznamu!
|
MARC
| LEADER | 00000cam a2200000 a 4500 | ||
|---|---|---|---|
| 001 | UCF8964 | ||
| 003 | CL-VaPUC | ||
| 008 | 131018e20110000sp |||||||||||||||||spa|d | ||
| 020 | |a 9788432313769 | ||
| 082 | 0 | 4 | |a 306.3 |b BAU |2 21 |
| 100 | 0 | |a Baudrillard, Jean |e author |9 492950 | |
| 245 | 1 | 3 | |a La sociedad de consumo: sus mitos, sus estructuras |
| 250 | |a 2a. ed | ||
| 300 | |a 255 p | ||
| 942 | |c BK | ||
| 945 | |d 20131018 14:00:00 |a cmena | ||
| 260 | |a Madrid |b Siglo XXI de España |c 2011 | ||
| 650 | 7 | |a CONSUMISMO |2 CL-VaPUC |9 571089 | |
| 650 | 0 | |a Desarrollo social |9 264534 | |
| 650 | 0 | |a Desarrollo cultural |9 267526 | |
| 650 | 0 | |a Desarrollo económico y social |9 256320 | |
| 650 | 7 | |a SOCIOLOGIA DEL DESARROLLO |2 CL-VaPUC |9 413573 | |
| 583 | |a last modification |c 20171123 11:00:23 |k Rodrigo Vera | ||
| 999 | |c 353461 |d 353459 | ||
| 952 | |0 0 |1 0 |3 erb |4 0 |6 306_300000000000000_BAU_2011 |7 0 |8 A |9 458689 |a BIBEDU |b BIBEDU |d 2019-11-23 |i 5017971 |l 1 |o 306.3 BAU 2011 |p 5017971 |r 2023-06-05 |s 2023-05-09 |w 2019-11-23 |y BK |z Catalogado en:20131018 |k EPE | ||
| 952 | |0 0 |1 0 |3 erb |4 0 |6 306_300000000000000_BAU_2011 |7 0 |8 A |9 458690 |a BIBING |b BIBING |i 506967K |l 1 |o 306.3 BAU 2011 |p 506967K |r 2025-04-22 |s 2025-04-11 |w 2019-11-23 |y BK |z Catalogado en:20140502 |k GEO | ||